[Event "World Junior Girls 2015"]
[Site "Khanty-Mansiysk RUS"]
[Date "2015.09.04"]
[Round "3.16"]
[White "Ibrahimova, Sabina"]
[Black "Voskresenskaya, Marta"]
[Result "1-0"]
[WhiteTitle "WIM"]
[WhiteElo "2215"]
[BlackElo "1703"]
[WhiteFideId "13403893"]
[BlackFideId "34127795"]
[EventDate "2015.09.02"]

1. e4 c5 2. Nf3 g6 3. d4 cxd4 4. Nxd4 Bg7 5. Nc3 Nc6 6. Be3 Nf6 7. Bc4 O-O 8.
Bb3 d6 9. f3 Na5 10. Qd2 Nxb3 11. axb3 Bd7 12. O-O a6 13. Kh1 Qc7 14. f4 Bc6 15.
Qd3 Nd7 16. b4 b5 17. Rf3 Bb7 18. Rg3 Rac8 19. f5 Ne5 20. Qe2 Nc4 21. fxg6 hxg6
22. Nf5 Nxe3 23. Qxe3 e6 24. Nh6+ Bxh6 25. Qxh6 Bc6 26. Rh3 f6 27. Qh8+ Kf7 28.
Rh7+ Ke8 29. Rxc7 Rxc7 30. Qh6 Rg8 31. Rxa6 Kf7 32. Qe3 Rcc8 33. Rxc6 Rxc6 34.
Qa7+ 1-0

[Event "World Junior Girls 2015"]
[Site "Khanty-Mansiysk RUS"]
[Date "2015.09.04"]
[Round "3.17"]
[White "Badamkhand, Norovsambuu"]
[Black "Utiatskaja, Irina"]
[Result "0-1"]
[BlackTitle "WFM"]
[WhiteElo "2001"]
[BlackElo "2201"]
[WhiteFideId "4901681"]
[BlackFideId "24140848"]
[EventDate "2015.09.02"]

1. d4 Nf6 2. c4 g6 3. Nc3 Bg7 4. e4 d6 5. Bd3 O-O 6. Nge2 Nc6 7. a3 e5 8. d5 Nd4
9. O-O c5 10. dxc6 bxc6 11. b4 Be6 12. Nxd4 exd4 13. Ne2 c5 14. Bg5 cxb4 15.
axb4 Qb6 16. Bxf6 Bxf6 17. Rb1 Rac8 18. Qc2 Bg5 19. Kh1 Bh6 20. f4 Rc7 21. f5
Bxc4 22. Bxc4 d5 23. exd5 Rfc8 24. fxg6 hxg6 25. Qe4 Rxc4 26. Qf3 R8c7 27. b5
Qd6 28. Rbd1 Be3 29. Ng3 f5 30. Ne2 Rd7 31. Nf4 Bxf4 32. Qxf4 Qxf4 33. Rxf4 Rxd5
34. h3 g5 35. Rf2 Rxb5 36. Rfd2 Rd5 37. Kg1 Kf7 38. Rb1 Rc7 39. Rbd1 Rcd7 40.
Kf2 d3 41. Ra2 d2 42. Ke2 a5 43. Ra4 Re7+ 44. Kf2 Re4 45. Ra2 Red4 46. Ke2 a4
47. Ra3 Ke6 48. Raa1 Kd6 49. Ra2 Kc5 50. Rc2+ Rc4 51. Rcxd2 Rxd2+ 52. Rxd2 a3
53. Ra2 Kb4 54. Kd3 Rc1 55. Kd2 Rg1 56. Kd3 Kb3 57. Re2 a2 58. Rxa2 Kxa2 59. g4
fxg4 60. hxg4 Rxg4 0-1

[Event "World Junior Girls 2015"]
[Site "Khanty-Mansiysk RUS"]
[Date "2015.09.04"]
[Round "3.18"]
[White "Sazonova, Anastasia"]
[Black "Fataliyeva, Ulviyya"]
[Result "0-1"]
[WhiteTitle "WFM"]
[BlackTitle "WIM"]
[WhiteElo "2020"]
[BlackElo "2301"]
[WhiteFideId "24131008"]
[BlackFideId "13403052"]
[EventDate "2015.09.02"]

1. d4 e6 2. Nf3 Nf6 3. c4 d5 4. Nc3 Bb4 5. Qb3 Nc6 6. Bg5 O-O 7. e3 Re8 8. Be2
dxc4 9. Bxc4 h6 10. Bxf6 Qxf6 11. O-O Qe7 12. Qc2 Bd6 13. Ne4 Bd7 14. Rfd1 a5
15. a3 Na7 16. Rac1 Nc8 17. Ba2 Ra6 18. Bb1 f5 19. Nc5 Bxc5 20. Qxc5 Nd6 21. Ne5
Rc8 22. Ba2 Be8 23. h3 a4 24. Rc2 Rb6 25. Rdc1 Rb5 26. Qc3 c5 27. Qd3 b6 28. Nc4
Nf7 29. Ne5 Nd6 30. Nc4 Kh7 31. dxc5 Nxc4 32. Qxc4 Rbxc5 33. Qe2 Bb5 34. Qd2
Rxc2 35. Rxc2 Rd8 36. Qb4 Rd1+ 37. Kh2 Qxb4 38. axb4 e5 39. Be6 Kg6 40. Kg3 Rd6
41. Bg8 Kf6 42. Rc7 g5 43. Rf7+ Kg6 44. Rb7 Bd3 45. Ra7 Bc2 46. Bf7+ Kf6 47. Be8
f4+ 48. exf4 gxf4+ 49. Kh2 Rd2 50. Ra6 Ke7 51. Bxa4 Bxa4 52. Rxa4 Rxf2 53. Ra6
Rxb2 54. Rxb6 f3 55. Kg1 Rxg2+ 56. Kf1 e4 57. Rb5 Ke6 58. Rb8 Kd5 0-1

[Event "World Junior Girls 2015"]
[Site "Khanty-Mansiysk RUS"]
[Date "2015.09.04"]
[Round "3.19"]
[White "Gelip, Ioana"]
[Black "Vasova, Maria"]
[Result "1/2-1/2"]
[WhiteElo "2139"]
[BlackElo "2069"]
[WhiteFideId "1202260"]
[BlackFideId "2900955"]
[EventDate "2015.09.02"]

1. e4 c6 2. Nc3 d5 3. Nf3 g6 4. d4 Bg7 5. Be3 dxe4 6. Nxe4 Nd7 7. Qd2 Ngf6 8.
Nxf6+ Nxf6 9. Bc4 O-O 10. O-O Ne4 11. Qe2 Nd6 12. Bb3 Nf5 13. Rad1 Nxe3 14. Qxe3
Bg4 15. Rfe1 e6 16. Rd3 Bxf3 17. Qxf3 Qb6 18. Qe4 a5 19. a4 Rad8 20. Red1 Qb4
21. Qe3 Rd7 22. Qd2 Rfd8 23. Qxb4 axb4 24. c3 e5 25. cxb4 e4 26. R3d2 Bh6 27.
Rc2 Rxd4 28. Rxd4 Rxd4 29. Rc4 Rd2 30. Rxe4 Rxb2 31. Bc4 Rb1+ 32. Bf1 Ra1 1/2-1/2

[Event "World Junior Girls 2015"]
[Site "Khanty-Mansiysk RUS"]
[Date "2015.09.04"]
[Round "3.20"]
[White "Navrotescu, Andreea-Cristiana"]
[Black "Osmanodja, Filiz"]
[Result "1-0"]
[WhiteTitle "WFM"]
[BlackTitle "WIM"]
[WhiteElo "2263"]
[BlackElo "2309"]
[WhiteFideId "675946"]
[BlackFideId "24633569"]
[EventDate "2015.09.02"]

1. c4 e5 2. g3 Nf6 3. Nc3 Bb4 4. Bg2 Bxc3 5. bxc3 O-O 6. e4 c6 7. Qb3 Na6 8. Ba3
d6 9. Ne2 Be6 10. d4 exd4 11. Nxd4 Bc8 12. O-O Re8 13. Rfe1 Nc5 14. Qc2 Ng4 15.
Rad1 Qf6 16. f4 Qh6 17. Nf3 b6 18. h3 Nf6 19. Rxd6 Nb7 20. Rxc6 Qg6 21. g4 Na5
22. f5 Bxf5 23. exf5 Rxe1+ 24. Nxe1 Qg5 25. Bc1 Qh4 26. Nf3 Qg3 27. Rxf6 gxf6
28. Qf2 Qc7 29. Bh6 Rd8 30. Bf1 Nxc4 31. Nd4 Nd6 32. Qe3 Re8 33. Qd3 Ne4 34. Nb5
Qc5+ 35. Be3 Qe5 36. Bd4 Qf4 37. Qe3 Qb8 38. Qd3 a6 39. Na3 b5 40. Bg2 Qf4 41.
Nc2 Qc1+ 42. Bf1 Kg7 43. Ne3 Nd2 44. Kg2 Qe1 45. Qe2 Qc1 46. g5 Nc4 47. gxf6+
Kh8 48. Kf2 Re4 49. Qf3 Qd2+ 50. Be2 Re8 51. Nxc4 bxc4 52. Be5 Qg5 53. Qf4 h6
54. Qxg5 hxg5 55. Bd4 Rc8 56. Kf3 Kh7 57. Kg4 Kh6 58. Be3 Re8 59. Bxg5+ Kh7 60.
Kf3 Re5 61. Bxc4 Kg8 62. Bxa6 Rxf5+ 63. Kg4 Ra5 64. Bb7 Ra4+ 65. Kf3 Ra3 66. Bd2
Rxa2 67. Ke3 Rb2 68. Bd5 Rb6 69. c4 Rxf6 70. Kd3 Rf5 71. Ke4 Rf2 72. Bf4 Rc2 73.
Bd6 Kg7 74. c5 Kg6 75. c6 f5+ 76. Kd3 Rc1 77. Kd2 Rxc6 78. Bxc6 Kg5 79. Ke2 f4
80. Kf3 Kh4 81. Bd7 1-0

[Event "World Junior Girls 2015"]
[Site "Khanty-Mansiysk RUS"]
[Date "2015.09.04"]
[Round "3.21"]
[White "Amrayeva, Aytan"]
[Black "Thomas, Anysia"]
[Result "1-0"]
[WhiteTitle "WCM"]
[WhiteElo "2145"]
[BlackElo "2035"]
[WhiteFideId "13405101"]
[BlackFideId "670472"]
[EventDate "2015.09.02"]

1. d4 g6 2. c4 Nf6 3. Nf3 Bg7 4. Nc3 d5 5. Bf4 O-O 6. e3 c5 7. dxc5 Qa5 8. Rc1
dxc4 9. Bxc4 Qxc5 10. Bb3 Nc6 11. O-O Qa5 12. Qe2 e5 13. Bg3 Nh5 14. Nd2 Bf5 15.
Nc4 Nxg3 16. hxg3 Qd8 17. Rfd1 Qg5 18. Nd6 Bh6 19. Qb5 Bg4 20. Re1 Rab8 21. Nce4
Qd8 22. Nxb7 Rxb7 23. Qxb7 Na5 24. Qc7 Nxb3 25. axb3 Bf5 26. Nd6 Be6 27. Qxd8
Rxd8 28. Nc4 Rb8 29. Nxe5 Bg7 30. Nc6 Rxb3 31. Nxa7 Bxb2 32. Rb1 Bf5 33. e4 Bg4
34. Nc6 Rb6 35. Ne7+ Kg7 36. Nd5 Rb8 37. Ne3 Be6 38. Re2 Be5 39. Rxb8 Bxb8 40.
Nd5 Be5 41. f4 Bd4+ 42. Kh2 h5 43. Rd2 Bc5 44. Rc2 Bd4 45. Nc7 Bg4 46. Rc4 Bb6
47. Ne8+ Kf8 48. Nf6 Be6 49. Rc6 Bd8 50. Nd5 Kg7 51. Ra6 Bf6 52. Nxf6 Kxf6 53.
Kg1 Kg7 54. Kf2 Bc4 55. Rb6 Bd3 56. Ke3 Bf1 57. Rb2 Bc4 58. Kd4 Be6 59. Ke5 Bg4
60. f5 gxf5 61. exf5 Bd1 62. Kf4 Bg4 63. Kg5 Bd1 64. Rb7 1-0

[Event "World Junior Girls 2015"]
[Site "Khanty-Mansiysk RUS"]
[Date "2015.09.04"]
[Round "3.22"]
[White "Drogovoz, Maria"]
[Black "Saranya, J"]
[Result "0-1"]
[WhiteTitle "WFM"]
[BlackTitle "WFM"]
[WhiteElo "1924"]
[BlackElo "2144"]
[WhiteFideId "4176731"]
[BlackFideId "5031931"]
[EventDate "2015.09.02"]

1. e4 c5 2. Nf3 d6 3. Nc3 a6 4. d4 cxd4 5. Nxd4 Nf6 6. g3 g6 7. Bg2 Bg7 8. O-O
O-O 9. h3 Nbd7 10. a4 Qc7 11. Nd5 Nxd5 12. exd5 Nb6 13. Re1 Qc4 14. Nb3 Qc7 15.
Ra2 Nc4 16. Nd4 Re8 17. b3 Qc5 18. Ne2 Ne5 19. Be3 Qc7 20. c4 h5 21. f4 Nd7 22.
Kh1 Nf6 23. Bf2 Bd7 24. Nd4 Qc8 25. Kh2 Bh6 26. Qf3 Kf8 27. Rae2 Rb8 28. a5 Bg7
29. Rc2 Bf5 30. Rcc1 Qd7 31. b4 Rbd8 32. b5 axb5 33. cxb5 h4 34. g4 Bxg4 35.
Ne6+ Bxe6 36. dxe6 Qxb5 37. Qxb7 Qxa5 38. exf7 Kxf7 39. Bc6 Qd2 40. Bxe8+ Rxe8
41. Qb3+ d5 42. Qe3 Qxe3 43. Rxe3 Bh6 44. Rf3 Nh5 45. Bxh4 Bxf4+ 46. Kg2 Kg7 47.
Rd1 e6 48. Bf2 g5 49. Be3 Kg6 50. h4 Bxe3 51. Rxe3 gxh4 52. Rd4 e5 53. Rxh4 Kg5
54. Ra4 Kf5 55. Kf2 Nf4 56. Rb3 Rh8 57. Rb5 e4 58. Ra7 Rh2+ 59. Ke1 Ke5 60. Re7+
Kd4 61. Ra5 Ke3 62. Kd1 Nd3 63. Ra8 Rd2# 0-1

[Event "World Junior Girls 2015"]
[Site "Khanty-Mansiysk RUS"]
[Date "2015.09.04"]
[Round "3.23"]
[White "Hoare, Amy B"]
[Black "Barbier, Astrid"]
[Result "1-0"]
[WhiteElo "2088"]
[BlackElo "1835"]
[WhiteFideId "418366"]
[BlackFideId "200395"]
[EventDate "2015.09.02"]

1. e4 e5 2. Nf3 Nc6 3. Bc4 Nf6 4. d3 Be7 5. O-O O-O 6. Re1 d6 7. a4 Bg4 8. c3
Na5 9. Ba2 c5 10. Nbd2 a6 11. Nf1 Qd7 12. Ne3 Bh5 13. Nf5 Bd8 14. h3 h6 15. g4
Bg6 16. N3h4 Kh8 17. g5 hxg5 18. Bxg5 Nh5 19. Qg4 Kh7 20. Kh2 Nc6 21. Rg1 Bxg5
22. Qxg5 Nf4 23. Nxg6 fxg6 24. Qh4+ Nh5 25. Rxg6 Rxf5 26. exf5 Qxf5 27. Rg5 Qf4+
28. Qxf4 Nxf4 29. Rag1 g6 30. Bb1 Ne7 31. h4 Rf8 32. f3 Rf6 33. d4 cxd4 34. h5
dxc3 35. hxg6+ Nfxg6 36. bxc3 Kg7 37. Kg3 Kf7 38. Bxg6+ Nxg6 39. Rb1 Nf4 40.
Rxb7+ Ke6 41. Rc7 Nd3 42. Rgg7 Kd5 43. Rg4 Nf4 44. a5 Rh6 45. Rh4 Rg6+ 46. Rg4
Rh6 47. c4+ Kd4 48. Rh4 Rg6+ 49. Rg4 Rh6 50. Rxf4+ exf4+ 51. Kxf4 Rf6+ 52. Kg4
Rg6+ 53. Kf5 Rh6 54. Kg5 Rh2 55. Rc6 Rf2 56. Kf4 Ra2 57. Rxd6+ Kxc4 58. Rxa6 Kd5
59. Kf5 Rh2 60. Rg6 1-0

[Event "World Junior Girls 2015"]
[Site "Khanty-Mansiysk RUS"]
[Date "2015.09.04"]
[Round "3.24"]
[White "Bengtsson, Jessica"]
[Black "Musaeva, Shakhnazi"]
[Result "1-0"]
[WhiteElo "2056"]
[BlackElo "1586"]
[WhiteFideId "1711083"]
[BlackFideId "13801643"]
[EventDate "2015.09.02"]

1. e4 c5 2. c3 d5 3. exd5 Qxd5 4. d4 Nc6 5. Nf3 Bg4 6. Be2 e6 7. O-O Nf6 8. h3
Bh5 9. Be3 cxd4 10. cxd4 Be7 11. Nc3 Qd8 12. Qb3 Qb6 13. Qc2 Bg6 14. Qd2 Nd5 15.
Nxd5 exd5 16. Ne5 O-O 17. Nd7 Qc7 18. Nxf8 Bxf8 19. Bf3 Qd7 20. a3 Ne7 21. Rac1
Nc6 22. Rfe1 Be7 23. Bf4 h6 24. Bg4 Qd8 25. Qe3 Bf6 26. Be5 Be4 27. Bxf6 Qxf6
28. f3 Bg6 29. Red1 Rd8 30. b4 a6 31. Bd7 Ne7 32. Ba4 Nf5 33. Qf2 Qd6 34. Bc2
Re8 35. Bxf5 Bxf5 36. Re1 Rxe1+ 37. Qxe1 Be6 38. Qe5 Qxe5 39. dxe5 Bd7 40. Rc7
Bc6 41. Kf2 Kf8 42. Ke3 Ke8 43. Kd4 Kf8 44. f4 g6 45. g4 Ke8 46. f5 gxf5 47.
gxf5 1-0

[Event "World Junior Girls 2015"]
[Site "Khanty-Mansiysk RUS"]
[Date "2015.09.05"]
[Round "4.1"]
[White "Abdumalik, Zhansaya"]
[Black "Khomeriki, Nino"]
[Result "1-0"]
[WhiteTitle "WGM"]
[BlackTitle "WFM"]
[WhiteElo "2380"]
[BlackElo "2296"]
[WhiteFideId "13703544"]
[BlackFideId "13603191"]
[EventDate "2015.09.02"]

1. e4 e5 2. Nf3 Nc6 3. Bb5 a6 4. Ba4 Nf6 5. O-O Be7 6. Re1 b5 7. Bb3 d6 8. c3
O-O 9. h3 Nb8 10. d4 Nbd7 11. Nbd2 c5 12. Nf1 Re8 13. Ng3 Bf8 14. a4 Bb7 15. d5
c4 16. Bc2 g6 17. Bg5 Qc7 18. Qd2 Reb8 19. Ra2 Bc8 20. Rea1 Qb7 21. Be3 b4 22.
cxb4 Qxb4 23. a5 Qxd2 24. Nxd2 Rb4 25. Ne2 Bb7 26. Nc3 Rc8 27. Bd1 Nc5 28. Be2
Nb3 29. Ra4 Rb5 30. Nxb5 axb5 31. Nxb3 bxa4 32. Nd2 c3 33. bxc3 Rxc3 34. Rxa4
Nd7 35. a6 Ba8 36. Bb5 Nc5 37. Bxc5 Rxc5 38. Bc6 1-0

[Event "World Junior Girls 2015"]
[Site "Khanty-Mansiysk RUS"]
[Date "2015.09.05"]
[Round "4.2"]
[White "Ziaziulkina, Nastassia"]
[Black "Drogovoz, Irina"]
[Result "1/2-1/2"]
[WhiteTitle "IM"]
[WhiteElo "2401"]
[BlackElo "2253"]
[WhiteFideId "13505211"]
[BlackFideId "4176715"]
[EventDate "2015.09.02"]

1. e4 c5 2. Nf3 d6 3. d4 cxd4 4. Nxd4 Nf6 5. Nc3 a6 6. Be3 e6 7. Be2 Be7 8. Qd2
Nc6 9. O-O-O Nxd4 10. Qxd4 e5 11. Qb6 Qxb6 12. Bxb6 Be6 13. Bc7 Kd7 14. Ba5 Kc6
15. Kb1 Bd8 16. Bb4 Bc7 17. Rd2 Rhd8 18. Rhd1 Rd7 19. f3 d5 20. exd5+ Nxd5 21.
Nxd5 Rxd5 22. Bd3 Kb6 23. Be4 Rxd2 24. Bxd2 Ka7 25. c4 Rd8 26. Be3+ Kb8 27.
Rxd8+ 1/2-1/2

[Event "World Junior Girls 2015"]
[Site "Khanty-Mansiysk RUS"]
[Date "2015.09.05"]
[Round "4.3"]
[White "Bivol, Alina"]
[Black "Pratyusha, Bodda"]
[Result "1-0"]
[WhiteTitle "WIM"]
[BlackTitle "WIM"]
[WhiteElo "2321"]
[BlackElo "2326"]
[WhiteFideId "4100123"]
[BlackFideId "5000629"]
[EventDate "2015.09.02"]

1. Nf3 d5 2. d4 Nf6 3. c4 c6 4. Nc3 e6 5. g3 Nbd7 6. Bg2 Bd6 7. O-O O-O 8. Qc2
b6 9. Bg5 Be7 10. Bxf6 Nxf6 11. Ne5 Bb7 12. Rfd1 Rc8 13. e4 Qc7 14. Qa4 dxc4 15.
Qxc4 b5 16. Qd3 b4 17. Ne2 c5 18. Rac1 Qb8 19. Qb5 a6 20. Qa4 Rfd8 21. Nd3 Bc6
22. Qa5 Bb5 23. e5 Rd7 24. dxc5 Rxd3 25. Rxd3 Bxd3 26. exf6 Bd8 27. Qa4 Bxf6 28.
Nf4 Qb5 29. Qb3 Bf5 30. c6 Qb6 31. Rd1 Bd4 32. Qf3 Bc2 33. Rd2 Ba4 34. Qe4 e5
35. Nd5 Qc5 36. Nf6+ gxf6 37. Qg4+ Kf8 38. Qxc8+ Kg7 39. Qg4+ Kf8 40. b3 f5 41.
Qh5 Bb5 42. Qd1 Bxc6 43. Qc2 Bc3 44. Rd8+ Ke7 45. Rc8 e4 46. Rc7+ Ke6 47. g4 Qd6
48. gxf5+ Kf6 49. Ra7 e3 50. fxe3 Bd2 51. Qb2+ Bc3 52. Qe2 Bb5 53. Qh5 Qd2 54.
Qh6+ Ke5 55. Re7+ Kxf5 56. Bh3# 1-0

[Event "World Junior Girls 2015"]
[Site "Khanty-Mansiysk RUS"]
[Date "2015.09.05"]
[Round "4.4"]
[White "Bayarmaa, Bayarjargal"]
[Black "Buksa, Nataliya"]
[Result "0-1"]
[WhiteTitle "WFM"]
[BlackTitle "WFM"]
[WhiteElo "2265"]
[BlackElo "2199"]
[WhiteFideId "4900260"]
[BlackFideId "14123622"]
[EventDate "2015.09.02"]

1. d4 d5 2. c4 e6 3. Nc3 Be7 4. cxd5 exd5 5. Qc2 c6 6. Nf3 g6 7. Bf4 Bf5 8. Qb3
Qb6 9. Nd2 Nf6 10. e3 O-O 11. Be2 Nbd7 12. O-O Rfe8 13. Rac1 Bf8 14. h3 h5 15.
Rfe1 a5 16. Bg5 Qb4 17. a3 Qxb3 18. Nxb3 Bd6 19. Bxf6 Nxf6 20. Na4 Ra7 21. Nac5
a4 22. Nd2 Kg7 23. Rc3 Bc7 24. Rd1 Nd7 25. Nxd7 Bxd7 26. Nf3 Kf6 27. Ne1 Bd6 28.
Rdc1 Bf5 29. Bd3 Bxd3 30. Rxd3 Ra5 31. Rc2 Ke6 32. f4 Kf5 33. Nf3 Rb5 34. Rdc3
Ra8 35. g3 Re8 36. Rg2 Bc7 37. Ng5 Kf6 38. Rgc2 Bb6 39. Kg2 Kg7 40. Nf3 Bc7 41.
Ng1 Ba5 42. Rd3 Rb3 43. Rxb3 axb3 44. Re2 b6 45. Nf3 c5 46. Ne5 cxd4 47. Kf3 f6
48. Nd3 dxe3 49. Rxe3 Kf7 50. Nc1 Rxe3+ 51. Kxe3 Bc3 52. Nd3 d4+ 53. Ke2 Ke6 54.
Nc1 Bxb2 55. Nxb3 Kd5 56. Kd3 b5 57. g4 hxg4 58. hxg4 g5 59. fxg5 fxg5 60. Nd2
Ke5 61. Ne4 Kf4 62. Nd6 Bxa3 63. Nxb5 Bb2 64. Nd6 Kxg4 65. Nc4 Bc3 66. Ke4 Kh3
67. Ne5 g4 68. Nd3 Kh2 69. Nf4 g3 70. Kf3 Bb2 71. Ng2 d3 72. Ne3 d2 73. Nf1+ Kh3
74. Nxd2 g2 75. Ke2 g1=Q 0-1

[Event "World Junior Girls 2015"]
[Site "Khanty-Mansiysk RUS"]
[Date "2015.09.05"]
[Round "4.5"]
[White "Saduakassova, Dinara"]
[Black "Ibrahimova, Sabina"]
[Result "1/2-1/2"]
[WhiteTitle "WGM"]
[BlackTitle "WIM"]
[WhiteElo "2409"]
[BlackElo "2215"]
[WhiteFideId "13700090"]
[BlackFideId "13403893"]
[EventDate "2015.09.02"]

1. d4 Nf6 2. c4 c5 3. d5 b5 4. cxb5 a6 5. bxa6 g6 6. Nc3 Bxa6 7. Nf3 Bg7 8. e4
Bxf1 9. Kxf1 d6 10. g3 O-O 11. Kg2 Nbd7 12. Qe2 Qa5 13. Bd2 Rfb8 14. Rhb1 Qa6
15. Qd1 c4 16. Be3 Ng4 17. Bd4 Nge5 18. Nxe5 Nxe5 19. b3 Nd3 20. Bxg7 Kxg7 21.
Qd2 Qc8 22. Nd1 Kg8 23. h3 e6 24. dxe6 Qxe6 25. Nc3 Nc5 26. Qd5 1/2-1/2

[Event "World Junior Girls 2015"]
[Site "Khanty-Mansiysk RUS"]
[Date "2015.09.05"]
[Round "4.6"]
[White "Utiatskaja, Irina"]
[Black "Mammadzada, Gunay"]
[Result "0-1"]
[WhiteTitle "WFM"]
[BlackTitle "WGM"]
[WhiteElo "2201"]
[BlackElo "2355"]
[WhiteFideId "24140848"]
[BlackFideId "13403729"]
[EventDate "2015.09.02"]

1. d4 d5 2. c4 c6 3. Nf3 Nf6 4. Nc3 dxc4 5. a4 Bf5 6. e3 e6 7. Bxc4 Bb4 8. O-O
O-O 9. Nh4 Bg4 10. f3 Bh5 11. g4 Bg6 12. Qb3 Qe7 13. e4 c5 14. Na2 Nc6 15. Nxb4
cxb4 16. Be3 Na5 17. Qd3 Bxe4 18. fxe4 Nxg4 19. Bxe6 fxe6 20. Nf3 Nxe3 21. Qxe3
Nc6 22. Rad1 Rf6 23. Rd2 Raf8 24. Rdf2 Qf7 25. e5 Rf5 26. Kh1 Ne7 27. Qd3 Qh5
28. Qb3 Nd5 29. a5 h6 30. h4 g5 31. Kg1 Qg4+ 32. Kh1 Qh3+ 33. Kg1 Qg4+ 34. Kh2
Qf4+ 35. Kh1 Qe3 36. Qd1 g4 37. Nh2 Rxf2 38. Qxg4+ Kh8 39. Rg1 R2f7 40. Qxe6
Qe4+ 41. Rg2 Qxg2+ 0-1

[Event "World Junior Girls 2015"]
[Site "Khanty-Mansiysk RUS"]
[Date "2015.09.05"]
[Round "4.7"]
[White "Michelle Catherina, P"]
[Black "Gaboyan, Susanna"]
[Result "1-0"]
[WhiteTitle "WIM"]
[WhiteElo "2259"]
[BlackElo "2107"]
[WhiteFideId "5005736"]
[BlackFideId "13303627"]
[EventDate "2015.09.02"]

1. e4 Nc6 2. Nf3 d6 3. d4 Nf6 4. Nc3 Bg4 5. Be3 e5 6. d5 Ne7 7. h3 Bd7 8. g4 g6
9. Be2 Bg7 10. Nh2 O-O 11. g5 Ne8 12. Ng4 f5 13. gxf6 Nxf6 14. Nxf6+ Bxf6 15. h4
Kg7 16. h5 g5 17. h6+ Kh8 18. Bh5 Be8 19. Qg4 Bxh5 20. Rxh5 Ng6 21. O-O-O Nf4
22. Bxf4 exf4 23. Ne2 c5 24. Rh3 Qe7 25. Rb3 Qxe4 26. Re3 Qg6 27. Re6 Rae8 28.
Nc3 b5 29. Rxd6 b4 30. Nb5 Rb8 31. Qd7 Rfd8 32. Qc6 Rxd6 33. Qxd6 Rd8 34. Qxc5
Qxh6 35. d6 Qg7 36. Qxb4 Qb7 37. Qa5 Rb8 38. d7 Qxb5 39. d8=Q+ Bxd8 40. Rxd8+
Kg7 41. Qc7+ Kg6 42. Qxb8 Qf1+ 43. Rd1 Qxf2 44. Qe8+ Kf5 45. Qd7+ Kg6 46. Qe6+
Kh5 47. Rh1+ Qh4 48. Rxh4+ Kxh4 49. Qh6+ Kg4 50. Kd2 1-0

[Event "World Junior Girls 2015"]
[Site "Khanty-Mansiysk RUS"]
[Date "2015.09.05"]
[Round "4.8"]
[White "Terbe, Julianna"]
[Black "Sviridova, Vlada"]
[Result "1-0"]
[WhiteTitle "WFM"]
[BlackTitle "WFM"]
[WhiteElo "2233"]
[BlackElo "2125"]
[WhiteFideId "708780"]
[BlackFideId "24109606"]
[EventDate "2015.09.02"]

1. e4 e6 2. d4 d5 3. Nd2 c5 4. Ngf3 cxd4 5. Nxd4 Nc6 6. Bb5 Bd7 7. Nxc6 bxc6 8.
Bd3 Bd6 9. Qe2 Ne7 10. Nf3 Ng6 11. e5 Be7 12. O-O O-O 13. c4 c5 14. cxd5 exd5
15. Rd1 Be6 16. Bd2 Qb6 17. Bg5 h6 18. Bxe7 Nxe7 19. b3 a5 20. Rab1 f5 21. exf6
Rxf6 22. Ne5 Raf8 23. Rd2 Rxf2 24. Qxf2 Rxf2 25. Rxf2 Qb8 26. Ng6 Nxg6 27. Bxg6
d4 28. Re1 Bd7 29. Rfe2 Kf8 30. Re7 Bc6 31. Rf7+ Kg8 32. Ree7 Bd5 33. Rxg7+ Kf8
34. Rc7 Qb4 35. Rge7 Bc6 36. Rf7+ Ke8 37. Rc8# 1-0

[Event "World Junior Girls 2015"]
[Site "Khanty-Mansiysk RUS"]
[Date "2015.09.05"]
[Round "4.10"]
[White "Wozniak, Mariola"]
[Black "Aulia, Medina Warda"]
[Result "0-1"]
[WhiteTitle "WCM"]
[BlackTitle "WGM"]
[WhiteElo "2198"]
[BlackElo "2417"]
[WhiteFideId "1152050"]
[BlackFideId "7101570"]
[EventDate "2015.09.02"]

1. e4 e6 2. d4 d5 3. Nc3 Bb4 4. exd5 exd5 5. Bd3 Nc6 6. a3 Be7 7. Nge2 Bg4 8.
Be3 Bf6 9. O-O Nge7 10. f3 Bf5 11. Nf4 O-O 12. Nce2 g6 13. g4 Bxd3 14. Qxd3 Qd7
15. Rae1 Rae8 16. Ng3 Nc8 17. Kh1 Nb6 18. b3 Qd6 19. c4 Bxd4 20. cxd5 Bxe3 21.
Rxe3 Rxe3 22. Qxe3 Nxd5 23. Nxd5 Qxd5 24. Rc1 Rd8 25. Ne4 Qe5 26. g5 Kg7 27. f4
Qd4 28. Qe1 Qd5 29. Rc5 Qxb3 30. Qa1+ Nd4 31. Rc3 Qd5 32. Re3 Re8 33. Qb1 Nf5 0-1

[Event "World Junior Girls 2015"]
[Site "Khanty-Mansiysk RUS"]
[Date "2015.09.05"]
[Round "4.11"]
[White "Ivanova, Karina"]
[Black "Rodriguez Rueda, Paula Andrea"]
[Result "0-1"]
[WhiteTitle "WFM"]
[BlackTitle "IM"]
[WhiteElo "2177"]
[BlackElo "2358"]
[WhiteFideId "24139750"]
[BlackFideId "4404564"]
[EventDate "2015.09.02"]

1. d4 d5 2. c4 e6 3. Nf3 Nf6 4. Nc3 Be7 5. Bf4 O-O 6. e3 c5 7. dxc5 Bxc5 8. a3
Nc6 9. Rc1 Be7 10. Be2 a6 11. cxd5 Nxd5 12. Nxd5 exd5 13. O-O Qb6 14. b4 Be6 15.
Nd4 Nxd4 16. Qxd4 Qxd4 17. exd4 Rfc8 18. Rxc8+ Rxc8 19. Rc1 Kf8 20. Rxc8+ Bxc8
21. Bf3 Be6 22. Kf1 Ke8 23. Ke2 g5 24. Bxg5 Bxg5 0-1

[Event "World Junior Girls 2015"]
[Site "Khanty-Mansiysk RUS"]
[Date "2015.09.05"]
[Round "4.12"]
[White "Fataliyeva, Ulviyya"]
[Black "Makarenko, Alexandra"]
[Result "0-1"]
[WhiteTitle "WIM"]
[BlackTitle "WFM"]
[WhiteElo "2301"]
[BlackElo "2229"]
[WhiteFideId "13403052"]
[BlackFideId "4165055"]
[EventDate "2015.09.02"]

1. e4 e5 2. Nf3 Nc6 3. Bc4 Nf6 4. Ng5 d5 5. exd5 b5 6. dxc6 bxc4 7. Nc3 h6 8.
Nge4 Nxe4 9. Nxe4 Be7 10. O-O O-O 11. Nc3 Rb8 12. Qf3 Be6 13. Rd1 f5 14. d3 Bd6
15. dxc4 e4 16. Qe2 Qh4 17. h3 Rbe8 18. f4 Bxf4 19. Bxf4 Qxf4 20. Rd4 Bf7 21.
Rd7 Qg5 22. Re1 Bh5 23. Qf1 e3 24. Rd5 Qh4 25. Ne2 Re4 26. g3 Bxe2 27. Rxe2
Qxg3+ 28. Rg2 Qf4 29. Qxf4 Rxf4 30. c3 Rxc4 31. Rd7 Rf7 32. Rd8+ Kh7 33. Rd7 Kg8
34. Rd8+ Rf8 35. Rd7 g5 36. Rxc7 f4 37. Kf1 f3 38. Rg3 Re4 0-1

[Event "World Junior Girls 2015"]
[Site "Khanty-Mansiysk RUS"]
[Date "2015.09.05"]
[Round "4.13"]
[White "Milosevic, Jovana"]
[Black "Navrotescu, Andreea-Cristiana"]
[Result "0-1"]
[WhiteTitle "WFM"]
[BlackTitle "WFM"]
[WhiteElo "2117"]
[BlackElo "2263"]
[WhiteFideId "900427"]
[BlackFideId "675946"]
[EventDate "2015.09.02"]

1. Nf3 Nf6 2. c4 e6 3. Nc3 d5 4. d4 Bb4 5. e3 O-O 6. Bd3 c5 7. a3 Bxc3+ 8. bxc3
Nc6 9. O-O dxc4 10. Bxc4 Qc7 11. Qe2 e5 12. d5 e4 13. dxc6 exf3 14. Qxf3 Bg4 15.
Qg3 Qxc6 16. f3 Bh5 17. a4 a6 18. a5 b5 19. axb6 Qxb6 20. e4 a5 21. Ba3 Qc6 22.
Qg5 Bg6 23. Rfd1 Rac8 24. e5 Nd7 25. Rd6 Qc7 26. Rad1 Nb6 27. Ba6 Rb8 28. f4 h6
29. Qg3 Qa7 30. Bb5 Nc8 31. Rd7 Qb6 32. Bc4 Bc2 33. R1d2 Qb1+ 34. Kf2 Nb6 35.
Bd3 Bxd3 36. R7xd3 Nc4 37. Bxc5 Nxd2 38. Rxd2 Rb2 39. Qe3 Rfb8 40. Kg3 Rxd2 41.
Qxd2 Rb2 42. Qd8+ Kh7 43. Qxa5 Qd3+ 0-1